Pays qui possédaient Bucarest à travers l'histoire - Statistiques

Statistiques générales
  • Ce quiz a été pris 45 fois
  • Le résultat moyen est 7 sur 11
Statistiques - réponses
Période Pays % Correct
1947 - 1965 République populaire roumaine
95%
1989 - Aujourd'hui Roumanie
95%
1881 - 1947 Royaume de Roumanie
95%
1945 - 1947 URSS
85%
1534 - 1866 Empire Ottoman
80%
1917 - 1918 Empire austro-hongrois
70%
1917 - 1918 Empire allemand
63%
1859 - 1881 Principautés unis de Moldavie et de Valachie
50%
1459 - 1859 Principauté de Valachie
28%
1965 - 1989 République socialiste de Roumanie
18%
1917 - 1918 Royaume de Bulgarie
15%
Aucun quiz correspondant
Distribution des résultats
% des personnes avec chaque résultat
Percentile par nombre de réponses
Votre historique - résultats
Vous n’avez pas pris ce quiz